000 00359nam a22001457a 4500
020 _a978-93-27-197488
082 _a574
_bARI/N
100 _aARIHANT
245 _aXII BIOLOGY NCERT EXEMPLAR PLOBLEM SOLUTIONS
260 _aNEW DELHI
_bARIHANT PUBLICATIONS
_c2023
300 _a281
520 _aBIOLOGY XII SOLUTIONS
650 _aQUESTION BANK
942 _cBK
999 _c6810
_d6810